[Event "Dzhubga Blitz op"]
[Site "Dzhubga"]
[Date "2023.08.13"]
[Round "7"]
[White "Ustinov, Alexey"]
[Black "Saulin, Grigoriy"]
[Result "0-1"]
[WhiteElo "2277"]
[BlackElo "1809"]
[PlyCount "112"]
[EventDate "2023.08.13"]
[EventType "swiss (blitz)"]
[EventRounds "13"]
[EventCountry "RUS"]
[SourceTitle "CBM 215 Extra"]
[Source "ChessBase"]
[SourceDate "2023.09.30"]
[SourceVersion "1"]
[SourceVersionDate "2023.09.30"]
[SourceQuality "1"]

1. d4 Nf6 2. Nf3 e6 3. Bf4 b6 4. e3 Bb7 5. Nbd2 Be7 6. h3 0-0 7. c3 c5 8. Bd3 h6 9. 0-0 d5 10. Qe2 Nbd7 11. a4 Rc8 12. Ba6 Bxa6 13. Qxa6 cxd4 14. exd4 Ne4 15. Qxa7 Ndf6 16. a5 bxa5 17. Qxa5 Qd7 18. Nxe4 Nxe4 19. Ne5 Qb7 20. Qa7 Qxa7 21. Rxa7 Bg5 22. Bxg5 hxg5 23. Rfa1 Nf6 24. Rb7 Rb8 25. Raa7 Rxb7 26. Rxb7 Ne8 27. Nf3 f6 28. Re7 Nd6 29. Rxe6 Nc4 30. b3 Na5 31. b4 Nc4 32. Ra6 Kf7 33. Ra7+ Kg6 34. Rd7 Nb6 35. Rd6 Rb8 36. Ne1 Kf7 37. Nd3 Ke7 38. Rc6 Kd7 39. Rc5 Kd6 40. Ra5 Nc4 41. Ra7 g6 42. Nc5 Re8 43. Ra6+ Ke7 44. Re6+ Kf7 45. Rxe8 Kxe8 46. Kf1 Kd8 47. Ke2 Kc7 48. Ne6+ Kd6 49. Nf8 Ke7 50. Nh7 Kf7 51. Kf3 Kg7 52. Nxg5 fxg5 53. b5 Kf6 54. g3 Ke6 55. Kg4 Kf6 56. f3 Ne3# 0-1

[Event "Dzhubga Rapid op"]
[Site "Dzhubga"]
[Date "2023.08.11"]
[Round "4"]
[White "Saulin, Grigoriy"]
[Black "Potapova, Margarita"]
[Result "0-1"]
[WhiteElo "1809"]
[BlackElo "2153"]
[PlyCount "111"]
[EventDate "2023.08.10"]
[EventType "swiss (rapid)"]
[EventRounds "11"]
[EventCountry "RUS"]
[SourceTitle "CBM 215 Extra"]
[Source "ChessBase"]
[SourceDate "2023.09.30"]
[SourceVersion "1"]
[SourceVersionDate "2023.09.30"]
[SourceQuality "1"]

1. e4 g6 2. d4 Bg7 3. Nf3 c6 4. c4 d5 5. exd5 cxd5 6. Nc3 Nf6 7. Bg5 dxc4 8. Bxc4 0-0 9. 0-0 a6 10. Ne5 b5 11. Qf3 Ra7 12. Bb3 Bb7 13. Qe3 b4 14. Ne2 Nd5 15. Bxd5 Bxd5 16. Bh6 Nd7 17. Bxg7 Kxg7 18. Ng4 Re8 19. Rfe1 Nf6 20. Qh6+ Kg8 21. Nxf6+ exf6 22. Nf4 Bxa2 23. Rxe8+ Qxe8 24. h4 Bb3 25. Rc1 Qf8 26. Qxf8+ Kxf8 27. Nd3 a5 28. Ra1 a4 29. Nxb4 Rd7 30. d5 Rb7 31. Nd3 Rb5 32. Nf4 Ke7 33. Kf1 g5 34. d6+ Kxd6 35. Nh5 Ke7 36. Re1+ Be6 37. Re4 gxh4 38. Rxh4 Bb3 39. Ng3 Rc5 40. Ne2 Rc2 41. Nc3 a3 42. bxa3 Rxc3 43. Rxh7 Bc4+ 44. Kg1 Rxa3 45. Kh2 Be6 46. Rh4 f5 47. Rh6 Kd6 48. Rh4 Ke5 49. Rb4 f4 50. Rb2 Bd5 51. Re2+ Kf5 52. Rd2 Be6 53. Rb2 Ra2 54. Rb5+ Kf6 55. Kg1 Kg6 56. Re5 0-1

[Event "St Petersburg Amir Cup Blitz"]
[Site "St Petersburg"]
[Date "2021.05.23"]
[Round "4"]
[White "Pershin, Denis"]
[Black "Saulin, Grigoriy"]
[Result "1-0"]
[WhiteElo "2391"]
[BlackElo "1194"]
[PlyCount "71"]
[EventDate "2021.05.23"]
[EventType "swiss (blitz)"]
[EventRounds "11"]
[EventCountry "RUS"]
[SourceTitle "CBM 202 Extra"]
[Source "ChessBase"]
[SourceDate "2021.07.31"]
[SourceVersion "1"]
[SourceVersionDate "2021.07.31"]
[SourceQuality "1"]

1. d4 Nf6 2. c4 e6 3. Nc3 Bb4 4. Qc2 0-0 5. e4 d5 6. e5 Ne8 7. Bd3 dxc4 8. Bxh7+ Kh8 9. Nf3 Nc6 10. Be3 f5 11. exf6 Nxf6 12. Bg6 Nd5 13. 0-0 Qf6 14. Rad1 Bxc3 15. bxc3 Nf4 16. Be4 Bd7 17. Ne5 Nxe5 18. dxe5 Qe7 19. Bxb7 Rab8 20. Be4 Be8 21. Rd4 Bh5 22. f3 c5 23. Rxc4 Rbd8 24. Bxf4 Rxf4 25. Rd1 Rxd1+ 26. Qxd1 Rf8 27. Qd6 Qf7 28. Rxc5 Re8 29. Qd2 Qe7 30. Rc6 Rd8 31. Rd6 Re8 32. g3 Bf7 33. Kg2 Qc7 34. Rd7 Qc5 35. Rxf7 Rg8 36. Qh6+ 1-0

[Event "Wch-ch U08 rapid"]
[Site "Minsk"]
[Date "2019.08.16"]
[Round "4"]
[White "Tsoy, Maxim1111"]
[Black "Saulin, Grigoriy"]
[Result "0-1"]
[WhiteElo "1364"]
[BlackElo "1288"]
[PlyCount "88"]
[EventDate "2019.08.16"]
[EventType "swiss (rapid)"]
[EventRounds "9"]
[EventCountry "BLR"]
[SourceTitle "EXT 2020"]
[Source "ChessBase"]
[SourceDate "2019.10.17"]
[SourceVersion "1"]
[SourceVersionDate "2019.10.17"]
[SourceQuality "1"]

1. e4 e5 2. Nf3 Nc6 3. Bc4 Nf6 4. d3 Be7 5. c3 0-0 6. Nbd2 d5 7. exd5 Nxd5 8. Ne4 Bg4 9. 0-0 Kh8 10. h3 Bh5 11. Ng3 Bg6 12. Re1 Bf6 13. Ne4 Bxe4 14. Rxe4 Re8 15. Qb3 Na5 16. Qa4 Nxc4 17. Qxc4 c6 18. Bd2 Qc7 19. Rae1 Re7 20. d4 exd4 21. Rxe7 Nxe7 22. Nxd4 Nd5 23. Qe2 h6 24. Qh5 Bxd4 25. cxd4 Kh7 26. Re5 Nf6 27. Qf5+ Kg8 28. Bxh6 Nd5 29. Qg5 f6 30. Qf5 fxe5 31. Qe6+ Qf7 32. Qxe5 gxh6 33. Qg3+ Qg7 34. Qd3 Kh8 35. Qe4 Rf8 36. g3 Qf6 37. f4 Qg7 38. Kh2 Nf6 39. Qf3 Rd8 40. Qe3 Re8 41. Qf3 Qe7 42. Qg2 Qe2 43. Qxe2 Rxe2+ 44. Kg1 Rxb2 0-1